MAASAI MARA UNIVERSITY

LIBRARY CATALOGUE

Contact Us: +254 020 2685356/7 or 0774 057787

Box: 861-20500, NAROK, KENYA

Email: info@mmarau.ac.ke

Spirituality in nursing : (Record no. 22629)

MARC details
000 -LEADER
fixed length control field 00776nam a22002417a 4500
003 - CONTROL NUMBER IDENTIFIER
control field OSt
005 - DATE AND TIME OF LATEST TRANSACTION
control field 20211126020514.0
008 - FIXED-LENGTH DATA ELEMENTS--GENERAL INFORMATION
fixed length control field 170211b xxu||||| |||| 00| 0 eng d
010 ## - LIBRARY OF CONGRESS CONTROL NUMBER
LC control number 98012662
020 ## - INTERNATIONAL STANDARD BOOK NUMBER
International Standard Book Number 0763706442
040 ## - CATALOGING SOURCE
Original cataloging agency MMU
Transcribing agency MMU
Modifying agency MMU
Language of cataloging eng.
050 00 - LIBRARY OF CONGRESS CALL NUMBER
Classification number RT85.2
Item number .O37 1999
100 1# - MAIN ENTRY--PERSONAL NAME
Personal name O'Brien, Mary Elizabeth.
245 10 - TITLE STATEMENT
Title Spirituality in nursing :
Remainder of title standing on holy ground /
Statement of responsibility, etc. Mary Elizabeth O'Brien.
260 ## - PUBLICATION, DISTRIBUTION, ETC. (IMPRINT)
Place of publication, distribution, etc. Sudbury, Mass. :
Name of publisher, distributor, etc. Jones and Bartlett Pub.,
Date of publication, distribution, etc. c1999.
300 ## - PHYSICAL DESCRIPTION
Extent xvii, 298 p. :
Dimensions 23 cm.
500 ## - GENERAL NOTE
General note Includes bibliographical references and index.
650 #0 - SUBJECT ADDED ENTRY--TOPICAL TERM
Topical term or geographic name as entry element Nursing
General subdivision Religious aspects
-- Christianity.
650 #0 - SUBJECT ADDED ENTRY--TOPICAL TERM
Topical term or geographic name as entry element Nursing ethics.
650 #0 - SUBJECT ADDED ENTRY--TOPICAL TERM
Topical term or geographic name as entry element Nursing
General subdivision Philosophy.
650 #0 - SUBJECT ADDED ENTRY--TOPICAL TERM
Topical term or geographic name as entry element Nurse and patient.
942 ## - ADDED ENTRY ELEMENTS (KOHA)
Source of classification or shelving scheme Library of Congress Classification
Koha item type L
Holdings
Withdrawn status Lost status Source of classification or shelving scheme Damaged status Not for loan Home library Current library Date acquired Source of acquisition Total Checkouts Full call number Barcode Date last seen Price effective from Koha item type
    Library of Congress Classification     Maasai Mara University Library -Main Campus Maasai Mara University Library -Main Campus 02/11/2017 Donation-T4C   RT85.2.O37 1999 17022930 02/11/2017 02/11/2017 L
© 2016 Maasai Mara University.